Welcome to CU Library Online Public Access Catalogue (OPAC)

International advertising : (Record no. 8902)

MARC details
000 -LEADER
fixed length control field 00991cam a2200289 a 4500
001 - CONTROL NUMBER
control field 1143137
003 - CONTROL NUMBER IDENTIFIER
control field CU66
005 - DATE AND TIME OF LATEST TRANSACTION
control field 20260309123814.0
008 - FIXED-LENGTH DATA ELEMENTS--GENERAL INFORMATION
fixed length control field 950414s1996 cauab b 001 0 eng
010 ## - LIBRARY OF CONGRESS CONTROL NUMBER
LC control number 95017905
020 ## - INTERNATIONAL STANDARD BOOK NUMBER
International Standard Book Number 0534192785 (acidfree recycled paper)
040 ## - CATALOGING SOURCE
Original cataloging agency DLC
Transcribing agency DLC
Modifying agency DLC
050 00 - LIBRARY OF CONGRESS CALL NUMBER
Classification number HF5823
Item number .M83 1996
082 00 - DEWEY DECIMAL CLASSIFICATION NUMBER
Classification number 659.1
Edition information 20
100 1# - MAIN ENTRY--PERSONAL NAME
Personal name Mueller, Barbara,
Dates associated with a name 1958-
245 10 - TITLE STATEMENT
Title International advertising :
Remainder of title communicating across cultures /
Statement of responsibility, etc. Barbara Mueller.
260 ## - PUBLICATION, DISTRIBUTION, ETC.
Place of publication, distribution, etc. Belmont :
Name of publisher, distributor, etc. Wadsworth Pub. Co.,
Date of publication, distribution, etc. c1996.
300 ## - PHYSICAL DESCRIPTION
Extent xi, 340 p. :
Other physical details ill., map ;
Dimensions 24 cm.
504 ## - BIBLIOGRAPHY, ETC. NOTE
Bibliography, etc. note Includes bibliographical references and index.
650 #0 - SUBJECT ADDED ENTRY--TOPICAL TERM
Topical term or geographic name entry element Advertising.
650 #0 - SUBJECT ADDED ENTRY--TOPICAL TERM
Topical term or geographic name entry element Export marketing.
650 #0 - SUBJECT ADDED ENTRY--TOPICAL TERM
Topical term or geographic name entry element Intercultural communication.
650 #0 - SUBJECT ADDED ENTRY--TOPICAL TERM
Topical term or geographic name entry element Advertising media planning.
906 ## - LOCAL DATA ELEMENT F, LDF (RLIN)
a 7
b cbc
c orignew
d 1
e ocip
f 19
g y-gencatlg
942 ## - ADDED ENTRY ELEMENTS (KOHA)
Source of classification or shelving scheme Library of Congress Classification
Koha item type Books
Suppress in OPAC No
Holdings
Withdrawn status Lost status Source of classification or shelving scheme Damaged status Not for loan Home library Current library Shelving location Date acquired Total checkouts Full call number Barcode Date last seen Price effective from Koha item type
    Library of Congress Classification     Graduate Library (Christ Temple) Graduate Library (Christ Temple) General stacks 03/09/2026   HF 5823.M83 MUE gsct00003084 03/09/2026 03/09/2026 Books
    Library of Congress Classification     Graduate Library (Christ Temple) Graduate Library (Christ Temple) General stacks 03/09/2026   HF 5823.M83 MUE gsct00003085 03/09/2026 03/09/2026 Books
© 2023-2024 Copyright: Central University Libraries. All Rights Reserved | Created by: Mahone Tech Office